| 000 | 00747cam a22002172 4500 | ||
|---|---|---|---|
| 001 | tmp96029000 | ||
| 003 | DLC | ||
| 005 | 20260227112757.0 | ||
| 008 | 090401r19381938ilu 000 0 eng | ||
| 010 |
_atmp96029000 _znuc87356011 |
||
| 040 |
_aDLC _cDLC _dDLC |
||
| 043 | _an-us-il | ||
| 050 | 0 | 0 |
_aDS150.G6 _bU54 |
| 100 | 1 |
_aBlumenfield, Samuel M., _d1901-1972. |
|
| 245 | 1 | 4 |
_aThe Zionist situation in Chicago : _ban evaluation, _cby Rabbi Samuel M. Blumenfield. |
| 260 |
_aChicago, Illinois, _bZionist Organization of Chicago, _c[1938] |
||
| 300 |
_a13 p. _c26 cm. |
||
| 500 | _a"Reprinted from the Reconstructionist of February 25 and March 11, 1938." | ||
| 650 | 0 |
_aZionism _zIllinois _zChicago. |
|
| 710 | 2 | _aZionist Organization of Chicago. | |
| 999 |
_c91274 _d91274 |
||